[Event "45th World Open"]
[Site "Philadelphia"]
[Date "2017.06.30"]
[Round "1.1"]
[White "Le, Liem"]
[Black "Adamson, Robby"]
[Result "1-0"]
[WhiteElo "2726"]
[BlackElo "2212"]
[PlyCount "121"]
[EventDate "2017.07.??"]
[EventType "swiss"]
[EventRounds "9"]
[EventCountry "USA"]
[WhiteClock "0:04:21"]
[BlackClock "0:00:01"]

1. c4 Nf6 2. Nf3 e6 3. Nc3 d5 4. d4 c6 5. e3 Nbd7 6. Qc2 Bd6 7. g4 Nxg4 8. Rg1
Nxh2 9. Nxh2 Bxh2 10. Rxg7 Nf8 11. Rg2 Bd6 12. e4 Ng6 13. Bg5 Be7 14. Bxe7 Qxe7
15. O-O-O dxe4 16. Nxe4 f5 17. Nd2 c5 18. dxc5 Qxc5 19. Nb3 Qc7 20. Qc3 Rf8 21.
Qe3 e5 22. f3 f4 23. Qc3 Bf5 24. c5 Rd8 25. Bb5+ Kf7 26. Rh1 Kg7 27. Rg5 Rf6
28. Rgh5 Kh8 29. Rxh7+ Qxh7 30. Rxh7+ Kxh7 31. Qa5 Rg8 32. Qxa7 Rg7 33. Qb8 Re7
34. Nd2 Kg7 35. a4 Rf8 36. Qd6 Rf6 37. Qd5 Be6 38. Qd8 Rf8 39. Qd6 Bf5 40. b4
Rf6 41. Qd5 Nh4 42. Qd8 Ng6 43. a5 e4 44. fxe4 Bxe4 45. Qd4 Bg2 46. Bc4 Re5 47.
Kc2 Bh3 48. Bd3 Bf5 49. Bxf5 Rexf5 50. Nf3 Rh5 51. b5 Ne7 52. Ne5 f3 53. Ng4
Rhf5 54. Nxf6 Rxf6 55. Qf2 Nd5 56. Kd2 Kf7 57. Qd4 Ne7 58. Ke1 f2+ 59. Kf1 Nf5
60. Qd7+ Kg6 61. Kxf2 1-0

[Event "45th World Open"]
[Site "Philadelphia"]
[Date "2017.06.30"]
[Round "1.2"]
[White "Jacobson, Brandon"]
[Black "Xiong, Jeffrey"]
[Result "0-1"]
[WhiteElo "2210"]
[BlackElo "2658"]
[PlyCount "78"]
[EventDate "2017.07.??"]
[EventType "swiss"]
[EventRounds "9"]
[EventCountry "USA"]

1. e4 c5 2. Nf3 d6 3. d4 Nf6 4. Nc3 cxd4 5. Nxd4 a6 6. a4 g6 7. Be2 Bg7 8. O-O
O-O 9. Nb3 Nc6 10. Re1 Be6 11. Bf1 Bxb3 12. cxb3 Nd7 13. Be3 Rc8 14. f4 Qa5 15.
Rc1 Rfe8 16. e5 Rcd8 17. exd6 Nf6 18. Qf3 exd6 19. Bf2 d5 20. Rcd1 Rxe1 21.
Rxe1 Qb4 22. Na2 Qd2 23. Re2 Qa5 24. Nc3 d4 25. Nb1 Qf5 26. Nd2 Ng4 27. Ne4 Ne3
28. Bh4 Rd7 29. Re1 h6 30. Bd3 Qa5 31. Rc1 f5 32. Nc5 Rd5 33. Nxb7 Qd2 34. Rxc6
Qxd3 35. Rxg6 Kh7 36. Re6 Rd7 37. Na5 Qb1+ 38. Kf2 d3 39. Kxe3 Bd4+ 0-1

[Event "45th World Open"]
[Site "Philadelphia"]
[Date "2017.06.30"]
[Round "1.3"]
[White "Bachmann, Axel"]
[Black "Menon, Gopal"]
[Result "1/2-1/2"]
[WhiteElo "2653"]
[BlackElo "2209"]
[PlyCount "67"]
[EventDate "2017.07.??"]
[EventType "swiss"]
[EventRounds "9"]
[EventCountry "USA"]
[WhiteClock "1:09:27"]
[BlackClock "0:07:55"]

1. c4 e6 2. Nf3 d5 3. d4 Nf6 4. g3 dxc4 5. Bg2 Nc6 6. O-O Rb8 7. Bg5 Be7 8. e3
O-O 9. Nfd2 e5 10. Bxf6 Bxf6 11. d5 e4 12. Nxc4 b5 13. dxc6 bxc4 14. Nc3 Rxb2
15. Nxe4 Qxd1 16. Rfxd1 Be6 17. Rdc1 Rfb8 18. Nxf6+ gxf6 19. Be4 f5 20. Bc2 c3
21. Bd3 Rd2 22. Rxc3 Rbb2 23. Rf1 Rxa2 24. Bc4 Rac2 25. Rc1 Rb2 26. Rf1 Rbc2
27. Rxc2 Rxc2 28. Bxe6 fxe6 29. Ra1 Rxc6 30. Rxa7 Rc2 31. Kg2 Kg7 32. h3 h5 33.
Ra4 c5 34. e4 1/2-1/2

[Event "45th World Open"]
[Site "Philadelphia"]
[Date "2017.06.30"]
[Round "1.4"]
[White "Banik, Siddharth"]
[Black "Batista, Lazaro"]
[Result "0-1"]
[WhiteElo "2209"]
[BlackElo "2653"]
[PlyCount "86"]
[EventDate "2017.07.??"]
[EventType "swiss"]
[EventRounds "9"]
[EventCountry "USA"]
[WhiteClock "1:00:47"]
[BlackClock "0:22:21"]

1. e4 e5 2. Nf3 Nc6 3. Bb5 g6 4. d4 exd4 5. Bg5 Be7 6. Bxc6 Bxg5 7. Ba4 Bf6 8.
e5 Bg7 9. Qxd4 Ne7 10. Nc3 O-O 11. Qd3 Nc6 12. Bxc6 dxc6 13. O-O-O Qxd3 14.
Rxd3 Bg4 15. Re1 Rfe8 16. Ne4 Bxf3 17. gxf3 Bxe5 18. c3 f5 19. Ng3 Bd6 20. Rdd1
Kf7 21. Kc2 Kf6 22. h4 h5 23. Rg1 Re6 24. Rg2 Rae8 25. Rdg1 Bf4 26. Nf1 Kf7 27.
Ne3 Bh6 28. Kb3 Rd8 29. Kc2 Bf8 30. Kc1 Be7 31. Rh2 Bc5 32. Rhg2 Rxe3 33. fxe3
Bxe3+ 34. Kc2 Bxg1 35. Rxg1 Re8 36. Rd1 Re2+ 37. Kb3 Ke7 38. Rg1 Kf6 39. Rd1 g5
40. hxg5+ Kxg5 41. Rd7 h4 42. Rxc7 h3 43. Rxb7 Re6 0-1

[Event "45th World Open"]
[Site "Philadelphia"]
[Date "2017.06.30"]
[Round "1.9"]
[White "Nyzhnyk, Illia"]
[Black "Kumar, Aravind"]
[Result "1-0"]
[WhiteElo "2612"]
[BlackElo "2186"]
[PlyCount "103"]
[EventDate "2017.07.??"]
[EventType "swiss"]
[EventRounds "9"]
[EventCountry "USA"]

1. d4 d5 2. c4 c6 3. Nf3 Nf6 4. g3 Bf5 5. Nc3 e6 6. Qb3 Qb6 7. c5 Qc7 8. Bf4
Qc8 9. Nh4 Bg6 10. Nxg6 hxg6 11. Bg2 Nbd7 12. Qc2 Be7 13. h3 Nh5 14. Bd2 Nhf6
15. Bf4 Nh5 16. Be3 Qc7 17. O-O O-O 18. b4 f5 19. Bd2 Ndf6 20. Bg5 Ne4 21. Bxe7
Qxe7 22. e3 g5 23. Ne2 Nef6 24. Rab1 g4 25. h4 Ne4 26. Nf4 Nxf4 27. exf4 b5 28.
cxb6 axb6 29. Bxe4 dxe4 30. Qxc6 Rxa2 31. Qxb6 Rd8 32. b5 Rd2 33. Rfd1 Rxd1+
34. Rxd1 Qd7 35. Rc1 Qd5 36. Rc5 Qd6 37. Qa6 Kh8 38. Rc8 Kh7 39. Rxd8 Qxd8 40.
Qxe6 Qxd4 41. Qxf5+ Kh8 42. Qxg4 Qb4 43. f5 Qxb5 44. Qxe4 Qd7 45. Kg2 Qf7 46.
g4 Qa7 47. h5 Qc7 48. f6 gxf6 49. Qe8+ Kg7 50. Qg6+ Kf8 51. Qxf6+ Ke8 52. Qh8+
1-0

[Event "45th World Open"]
[Site "Philadelphia"]
[Date "2017.06.30"]
[Round "1.16"]
[White "Jacobson, Aaron"]
[Black "Li, Ruifeng"]
[Result "0-1"]
[WhiteElo "2157"]
[BlackElo "2571"]
[PlyCount "178"]
[EventDate "2017.07.??"]
[EventType "swiss"]
[EventRounds "9"]
[EventCountry "USA"]

1. e4 c6 2. d4 d5 3. exd5 cxd5 4. Bd3 Nc6 5. c3 Qc7 6. Na3 a6 7. Ne2 Bg4 8. Nc2
e6 9. Qd2 Bh5 10. Nf4 Bg6 11. Nxg6 hxg6 12. g3 Bd6 13. Qe2 Nge7 14. Bd2 O-O-O
15. O-O-O Kb8 16. Kb1 Nc8 17. h4 b5 18. h5 gxh5 19. Rxh5 Nb6 20. Rdh1 Rhg8 21.
Qg4 Nc4 22. Bc1 Ka7 23. Rh7 g6 24. Ne3 Rd7 25. Qf3 Rb8 26. Nxc4 bxc4 27. Bc2
Ba3 28. Ka1 Qb6 29. bxa3 Nxd4 30. Qd1 Nc6 31. a4 d4 32. Be4 Rdb7 33. Ba3 d3 34.
Rh8 Rxh8 35. Rxh8 Nd4 36. Bxd3 cxd3 37. Qxd3 Nc6 38. Bc1 Ne5 39. Qc2 Nc4 40.
Rh4 Qc6 41. Qd3 Rc7 42. Qd8 Nb6 43. c4 Nxc4 44. Rh8 a5 45. Qd3 Qc5 46. Rh4 Qe5+
47. Qd4+ Qxd4+ 48. Rxd4 Kb6 49. Kb1 Kc5 50. Rh4 Kb4 51. Kc2 Rd7 52. Bh6 Kc5 53.
Kc3 Ne5 54. Bf8+ Kb6 55. Bg7 Nc6 56. Rf4 f5 57. Bf8 Rd1 58. Rc4 g5 59. Bc5+ Kc7
60. Be3 g4 61. Kc2 Rf1 62. Rc3 e5 63. Kd3 Kd6 64. Kc4 e4 65. Rc2 Rb1 66. Rd2+
Ke6 67. Bf4 Ne5+ 68. Bxe5 Kxe5 69. Rd5+ Kf6 70. Rb5 Rc1+ 71. Kd4 Re1 72. Rb2
Kg5 73. Rc2 Rb1 74. Ke3 Rb4 75. Rc8 Rxa4 76. Rg8+ Kf6 77. Rf8+ Ke6 78. Re8+ Kf7
79. Re5 Kf6 80. Rb5 Ra3+ 81. Ke2 Rxa2+ 82. Kf1 a4 83. Rb6+ Kg5 84. Ra6 Ra1+ 85.
Kg2 a3 86. Kh2 a2 87. Kg2 f4 88. Ra5+ Kf6 89. gxf4 g3 0-1

[Event "45th World Open"]
[Site "Philadelphia"]
[Date "2017.06.30"]
[Round "1.18"]
[White "Nydick, Brandon"]
[Black "Becerra, Julio"]
[Result "0-1"]
[WhiteElo "2154"]
[BlackElo "2556"]
[PlyCount "86"]
[EventDate "2017.07.??"]
[EventType "swiss"]
[EventRounds "9"]
[EventCountry "USA"]

1. d4 Nf6 2. c4 g6 3. Nc3 Bg7 4. Nf3 d6 5. Bg5 h6 6. Bh4 g5 7. Bg3 Nh5 8. e3 c5
9. d5 Nd7 10. Bd3 a6 11. a4 Ndf6 12. Qc2 Bd7 13. O-O Rb8 14. e4 Ng4 15. Rfe1
Nxg3 16. hxg3 Qb6 17. Nh2 Nxh2 18. Kxh2 h5 19. f4 h4 20. Rf1 hxg3+ 21. Kxg3
gxf4+ 22. Kxf4 Bd4 23. Rh1 Rg8 24. g3 Qd8 25. Kf3 e5 26. Qd2 Qf6+ 27. Kg2 Ke7
28. Qe1 Rg7 29. Ne2 Rbg8 30. Ra3 Be3 31. Bc2 Qg5 32. Rb3 b5 33. axb5 axb5 34.
cxb5 c4 35. Ra3 Bc5 36. b4 cxb3 37. Rxb3 Bb6 38. Ng1 Rc8 39. Qe2 Qc1 40. Bd3
Rxg3+ 41. Kh2 Rh8+ 42. Kxg3 Qg5+ 43. Kf3 Qg4# 0-1

[Event "45th World Open"]
[Site "Philadelphia"]
[Date "2017.06.30"]
[Round "1.25"]
[White "Perelshteyn, Eugene"]
[Black "Abdi, Farzad"]
[Result "1-0"]
[WhiteElo "2511"]
[BlackElo "2142"]
[PlyCount "41"]
[EventDate "2017.07.??"]
[EventType "swiss"]
[EventRounds "9"]
[EventCountry "USA"]

1. d4 Nf6 2. c4 e6 3. Nc3 Bb4 4. Qc2 d5 5. Nf3 O-O 6. cxd5 exd5 7. Bf4 c5 8.
dxc5 Nc6 9. e3 d4 10. O-O-O Bg4 11. exd4 Bxf3 12. gxf3 Nxd4 13. Qa4 Bxc5 14.
Be3 a6 15. Bxd4 b5 16. Bxf6 Qxf6 17. Qg4 Ba3 18. Qd4 Qh6+ 19. Qe3 Qf6 20. bxa3
Rfc8 21. Kb2 1-0

[Event "45th World Open"]
[Site "Philadelphia"]
[Date "2017.06.30"]
[Round "1.27"]
[White "Hernandez, Holden"]
[Black "Cai, Jason"]
[Result "1-0"]
[WhiteElo "2510"]
[BlackElo "2134"]
[PlyCount "63"]
[EventDate "2017.07.??"]
[EventType "swiss"]
[EventRounds "9"]
[EventCountry "USA"]

1. d4 e6 2. c4 Bb4+ 3. Bd2 a5 4. g3 f5 5. Bg2 Nf6 6. Nf3 d6 7. O-O Bxd2 8.
Nbxd2 Nc6 9. Re1 e5 10. e4 fxe4 11. Nxe4 O-O 12. dxe5 dxe5 13. Qxd8 Rxd8 14.
Nc3 Re8 15. Nd5 Nxd5 16. cxd5 Nb4 17. Rxe5 Bd7 18. a3 Nd3 19. Rxe8+ Rxe8 20.
Bf1 Nxb2 21. Rb1 Na4 22. Rxb7 Nb6 23. Rxc7 Bg4 24. Nd4 Re1 25. Kg2 Kf8 26. Rc5
Rd1 27. Ne6+ Kf7 28. Rc7+ Kf6 29. Nxg7 Nxd5 30. Ne8+ Ke5 31. Rxh7 Bf5 32. Rh5
1-0

[Event "45th World Open"]
[Site "Philadelphia"]
[Date "2017.06.30"]
[Round "1.32"]
[White "Cooke, Eric"]
[Black "Tang, Andrew"]
[Result "0-1"]
[WhiteElo "2118"]
[BlackElo "2461"]
[PlyCount "79"]
[EventDate "2017.07.??"]
[EventType "swiss"]
[EventRounds "9"]
[EventCountry "USA"]

1. e4 e5 2. Nf3 Nc6 3. Bb5 a6 4. Ba4 Nf6 5. O-O Be7 6. Re1 b5 7. Bb3 d6 8. c3
O-O 9. h3 Bb7 10. d4 Re8 11. Nbd2 Bf8 12. a4 h6 13. Bc2 exd4 14. cxd4 Nb4 15.
Bb1 c5 16. d5 Nd7 17. Ra3 c4 18. Nd4 Qf6 19. Nf1 Nd3 20. Bxd3 b4 21. Bxc4 bxa3
22. b3 Nb6 23. Bxa3 Bxd5 24. Bxd5 Nxd5 25. Bb2 Nf4 26. Ba1 d5 27. Ng3 dxe4 28.
Nxe4 Qg6 29. Qf3 Nxh3+ 30. Qxh3 Rxe4 31. Rc1 Rae8 32. Qc3 Bd6 33. Nf3 Rg4 34.
g3 Bxg3 35. fxg3 Rxg3+ 36. Kf1 Qg4 37. Kf2 Rg2+ 38. Kf1 Qh3 39. Ng1 Qh2 40. Qd4
0-1

[Event "45th World Open"]
[Site "Philadelphia"]
[Date "2017.06.30"]
[Round "1.77"]
[White "Niemann, Hans"]
[Black "Zhu, Qingyu"]
[Result "1-0"]
[WhiteElo "2282"]
[BlackElo "1964"]
[PlyCount "103"]
[EventDate "2017.07.??"]
[EventType "swiss"]
[EventRounds "9"]
[EventCountry "USA"]

1. d4 Nf6 2. c4 c5 3. d5 b5 4. cxb5 a6 5. f3 axb5 6. e4 d6 7. Bxb5+ Bd7 8.
Bxd7+ Nbxd7 9. Ne2 g6 10. O-O Bg7 11. Nec3 O-O 12. Nd2 Qb6 13. Nc4 Qa6 14. Qe2
Rfb8 15. Bd2 Ne8 16. Rfc1 Rxb2 17. Nxb2 Qxe2 18. Nxe2 Bxb2 19. a4 Bxc1 20. Nxc1
Nc7 21. a5 Rb8 22. Kf2 Na6 23. Bc3 Kf8 24. Ke3 Ke8 25. Nd3 Kd8 26. Nb2 Kc7 27.
Nc4 Rb5 28. Na3 Rb7 29. Kd3 Kb8 30. Kc4 Nc7 31. g4 Ka7 32. h4 Ka6 33. g5 Nb5
34. Nxb5 Rxb5 35. f4 Rb8 36. Rh1 e5 37. dxe6 fxe6 38. Rd1 d5+ 39. exd5 exd5+
40. Rxd5 Rb7 41. Rd6+ Ka7 42. Rc6 Nb8 43. Rxc5 Rf7 44. Bd4 Ka6 45. Be5 Nd7 46.
Rc6+ Kb7 47. Kb5 Nxe5 48. a6+ Ka7 49. fxe5 Rf1 50. Rc7+ Kb8 51. Rb7+ Kc8 52.
Rxh7 1-0

[Event "45th World Open"]
[Site "Philadelphia"]
[Date "2017.06.30"]
[Round "1.81"]
[White "Kretchetov, Alexander"]
[Black "Nguyen, Tan"]
[Result "1/2-1/2"]
[WhiteElo "2263"]
[BlackElo "1949"]
[PlyCount "75"]
[EventDate "2017.07.??"]
[EventType "swiss"]
[EventRounds "9"]
[EventCountry "USA"]

1. d4 d6 2. Nf3 g6 3. c4 Bg7 4. h3 Nd7 5. e4 e5 6. Nc3 Ne7 7. d5 O-O 8. h4 Nf6
9. Be2 Nh5 10. g3 f5 11. Nd2 Nf6 12. h5 c6 13. hxg6 hxg6 14. Qb3 fxe4 15. Ndxe4
Nf5 16. Be3 Nd4 17. Qd1 Nxe4 18. Nxe4 Bf5 19. Bd3 cxd5 20. cxd5 Qa5+ 21. Nc3 e4
22. Bc2 Bg4 23. Qxg4 Nxc2+ 24. Kd2 Nxa1 25. Qxg6 Rf6 26. Qxe4 b5 27. Rxa1 b4
28. Ne2 Rc8 29. Bd4 b3+ 30. Nc3 Rxc3 31. Bxc3 Rxf2+ 32. Ke1 Qc5 33. Bxg7 Kxg7
34. Qe7+ Rf7 35. Qg5+ Kf8 36. Qd8+ Kg7 37. Qg5+ Kf8 38. Qd8+ 1/2-1/2

[Event "45th World Open"]
[Site "Philadelphia"]
[Date "2017.07.01"]
[Round "2.1"]
[White "Blatny, Pavel"]
[Black "Le, Liem"]
[Result "0-1"]
[WhiteElo "2392"]
[BlackElo "2726"]
[PlyCount "114"]
[EventDate "2017.07.??"]
[EventType "swiss"]
[EventRounds "9"]
[EventCountry "USA"]
[WhiteClock "0:14:40"]
[BlackClock "0:14:13"]

1. b3 g6 2. Bb2 Nf6 3. g3 Bg7 4. Bg2 d5 5. e3 O-O 6. Ne2 c5 7. d3 Nc6 8. Nd2 e5
9. h3 Be6 10. a3 Rc8 11. c4 a6 12. Qc2 d4 13. e4 Ne8 14. O-O Nd6 15. Kh2 f5 16.
exf5 gxf5 17. Rae1 Bf7 18. Bc1 Bg6 19. Nf3 Bf6 20. Nfg1 Qd7 21. Bh6 Rfe8 22.
Bd2 Kh8 23. h4 Bg7 24. Nh3 h6 25. Rh1 Bh7 26. Qc1 f4 27. gxf4 Bxd3 28. Bxc6
Rxc6 29. fxe5 Rxe5 30. Nef4 Bf5 31. Rhg1 Ne4 32. f3 Nxd2 33. Qxd2 Qe7 34. Qf2
d3 35. Nd5 Qd6 36. f4 Rxe1 37. Qxe1 Qd7 38. Qe7 Re6 39. Qxd7 Re2+ 40. Kg3 Bxd7
41. Rd1 Bd4 42. Rxd3 Bf5 43. Rf3 Be4 44. f5 Rb2 45. Nhf4 Bxf3 46. Kxf3 Rxb3+
47. Kg4 Kg7 48. Kh5 Rxa3 49. Ne6+ Kh7 50. Nf8+ Kg8 51. Ne6 a5 52. Kxh6 a4 53.
Ng5 Ra1 54. f6 Rf1 55. Kg6 Bxf6 56. Nxf6+ Rxf6+ 57. Kxf6 a3 0-1

[Event "45th World Open"]
[Site "Philadelphia"]
[Date "2017.07.01"]
[Round "2.2"]
[White "Xiong, Jeffrey"]
[Black "Nolte, Rolando"]
[Result "1-0"]
[WhiteElo "2658"]
[BlackElo "2393"]
[PlyCount "107"]
[EventDate "2017.07.??"]
[EventType "swiss"]
[EventRounds "9"]
[EventCountry "USA"]
[WhiteClock "0:15:46"]
[BlackClock "0:06:25"]

1. e4 c5 2. Nf3 d6 3. d4 cxd4 4. Qxd4 Nc6 5. Bb5 Bd7 6. Qd3 Nf6 7. c4 g6 8. Nc3
Bg7 9. O-O O-O 10. Bxc6 Bxc6 11. Nd4 Nd7 12. Be3 Nc5 13. Qc2 Ne6 14. Rad1 Nxd4
15. Bxd4 Qa5 16. Bxg7 Kxg7 17. b3 Rac8 18. Qb2 Kg8 19. b4 Qe5 20. Rfe1 b5 21.
cxb5 Bxb5 22. Re3 Bc4 23. Qd2 Be6 24. Nd5 Bxd5 25. exd5 Qf6 26. Rf3 Qe5 27. h3
Rc7 28. Re1 Qg7 29. a4 Rfc8 30. b5 h6 31. Re4 Rc2 32. Qf4 R8c7 33. Rfe3 f5 34.
Re6 R2c4 35. Qf3 Rxa4 36. Qe2 f4 37. R3e4 Rxe4 38. Qxe4 Kh7 39. Qxf4 Rc5 40.
Qe4 Rc7 41. g4 Qf7 42. h4 Kg7 43. Qe3 Kf8 44. Qxh6+ Ke8 45. Qxg6 Rc5 46. h5
Rxb5 47. h6 Qxg6 48. Rxg6 Kf7 49. Rg7+ Kf8 50. f4 a5 51. g5 a4 52. g6 Rb8 53.
Rf7+ Kg8 54. Rxe7 1-0

[Event "45th World Open"]
[Site "Philadelphia"]
[Date "2017.07.01"]
[Round "2.4"]
[White "Aladma, Dionisio"]
[Black "Daza, Emilio"]
[Result "1/2-1/2"]
[WhiteElo "2385"]
[BlackElo "2651"]
[PlyCount "110"]
[EventDate "2017.07.??"]
[EventType "swiss"]
[EventRounds "9"]
[EventCountry "USA"]
[WhiteClock "0:02:42"]
[BlackClock "0:42:56"]

1. e4 c6 2. d4 d5 3. e5 Bf5 4. Nf3 e6 5. Be2 Nd7 6. O-O Rc8 7. Nc3 Bg6 8. a3
Ne7 9. Bf4 Nf5 10. g4 Nh6 11. h3 Ng8 12. Bg3 c5 13. Bh4 Qc7 14. Nb5 Qb8 15. c4
Be4 16. Ng5 cxd4 17. Nxe4 dxe4 18. Qxd4 Qxe5 19. Qxa7 Ngf6 20. Bg3 Qxg3+ 21.
fxg3 Bc5+ 22. Qxc5 Rxc5 23. b4 Re5 24. Nd6+ Ke7 25. Nxb7 h5 26. Na5 Rg5 27. h4
Rxa5 28. bxa5 hxg4 29. Rab1 Nc5 30. Rb5 Rc8 31. Kg2 g6 32. Rd1 Rc7 33. Rdb1
Nfd7 34. Bxg4 f5 35. Be2 e5 36. Rf1 Kf6 37. Rd1 Ke7 38. Rf1 Kf6 39. Rd1 Ke7 40.
h5 gxh5 41. Bxh5 Nf6 42. Be2 f4 43. gxf4 exf4 44. Rf1 f3+ 45. Bxf3 exf3+ 46.
Rxf3 Nfd7 47. Rh3 Rc6 48. Rh5 Kd8 49. Kf1 Kc7 50. Rh7 Rf6+ 51. Ke2 Kc6 52. Rh8
Kc7 53. Ra8 Rd6 54. Ra7+ Kc8 55. Ra8+ Kc7 1/2-1/2

[Event "45th World Open"]
[Site "Philadelphia"]
[Date "2017.07.01"]
[Round "2.7"]
[White "Gordievsky, Dmitry"]
[Black "Williams, Justus"]
[Result "1/2-1/2"]
[WhiteElo "2613"]
[BlackElo "2382"]
[PlyCount "89"]
[EventDate "2017.07.??"]
[EventType "swiss"]
[EventRounds "9"]
[EventCountry "USA"]

1. Nf3 Nf6 2. c4 e6 3. g3 b6 4. Bg2 Bb7 5. O-O Be7 6. b3 O-O 7. Bb2 c5 8. e3 d5
9. Qe2 Nc6 10. d3 Qc7 11. Nbd2 Rad8 12. Rfd1 Rfe8 13. a3 Qb8 14. Rab1 e5 15.
cxd5 Nxd5 16. Nc4 Bf8 17. Ba1 g6 18. Rdc1 Bg7 19. h4 Nc7 20. h5 Ne6 21. b4 cxb4
22. axb4 e4 23. dxe4 Bxa1 24. Rxa1 Nxb4 25. Nfe5 b5 26. Ng4 bxc4 27. Nf6+ Kf8
28. Nxe8 Kxe8 29. Qxc4 Nd3 30. Rd1 Ndc5 31. f4 Rxd1+ 32. Rxd1 Qa8 33. Qb5+ Bc6
34. Qb2 Bxe4 35. Qh8+ Nf8 36. Bh3 Bf3 37. Rb1 Ke7 38. Ra1 a6 39. hxg6 hxg6 40.
Qh4+ Ke8 41. Rb1 Nfd7 42. Qh8+ Ke7 43. Qh4+ Ke8 44. Qh8+ Ke7 45. Qh4+ 1/2-1/2

[Event "45th World Open"]
[Site "Philadelphia"]
[Date "2017.07.01"]
[Round "2.8"]
[White "Heimann, Mark"]
[Black "Nyzhnyk, Illia"]
[Result "0-1"]
[WhiteElo "2378"]
[BlackElo "2612"]
[PlyCount "74"]
[EventDate "2017.07.??"]
[EventType "swiss"]
[EventRounds "9"]
[EventCountry "USA"]

1. c4 Nf6 2. Nc3 g6 3. g3 Bg7 4. Bg2 O-O 5. Nf3 d6 6. O-O Nc6 7. Rb1 d5 8. cxd5
Nxd5 9. Qc2 Bg4 10. Nxd5 Qxd5 11. b4 Qe6 12. b5 Bxf3 13. bxc6 Bxc6 14. Bxc6
bxc6 15. d3 Rfb8 16. Be3 Be5 17. a4 a5 18. Qc5 Bb2 19. Qc2 Ba3 20. Bf4 Qd7 21.
Qc3 Bb4 22. Qc4 c5 23. Ra1 Rb6 24. Rfc1 Re6 25. Ra2 Rd8 26. Qb3 Rb6 27. Qc4 Rf6
28. Qe4 Re6 29. Qb7 Rc6 30. Rc4 Qe8 31. Rac2 Rb8 32. Qa7 Qc8 33. Rxb4 axb4 34.
Qa5 Qa6 35. Qxa6 Rxa6 36. Bxc7 b3 37. Rb2 Rb7 0-1

[Event "45th World Open"]
[Site "Philadelphia"]
[Date "2017.07.01"]
[Round "2.10"]
[White "Perez, Robert"]
[Black "Petrosian, Tigran"]
[Result "0-1"]
[WhiteElo "2365"]
[BlackElo "2595"]
[PlyCount "66"]
[EventDate "2017.07.??"]
[EventType "swiss"]
[EventRounds "9"]
[EventCountry "USA"]

1. d4 d6 2. e4 Nf6 3. Nc3 g6 4. f4 Bg7 5. Nf3 O-O 6. Bd3 Na6 7. Be3 b6 8. a3 c5
9. Qe2 cxd4 10. Bxd4 Nc5 11. O-O-O Nxd3+ 12. Qxd3 Bb7 13. h4 Rc8 14. f5 e5 15.
fxe6 fxe6 16. Ng5 Re8 17. Rhe1 e5 18. Be3 h6 19. Nf3 d5 20. Qb5 Rxc3 21. bxc3
Nxe4 22. Qb3 Kh7 23. Bg1 Qc7 24. Rd3 Rc8 25. Kb2 d4 26. cxd4 exd4 27. Bxd4 Nc5
28. Qc4 b5 29. Qxb5 Bxf3 30. Ka2 Nxd3 31. Qxd3 Qxc2+ 32. Qxc2 Rxc2+ 33. Kb3 Re2
0-1

[Event "45th World Open"]
[Site "Philadelphia"]
[Date "2017.07.01"]
[Round "2.11"]
[White "Zhou, Jianchao"]
[Black "Ruiz, Joshua"]
[Result "1-0"]
[WhiteElo "2595"]
[BlackElo "2367"]
[PlyCount "35"]
[EventDate "2017.07.??"]
[EventType "swiss"]
[EventRounds "9"]
[EventCountry "USA"]

1. Nf3 Nf6 2. c4 e6 3. g3 b6 4. Bg2 Bb7 5. d4 Bb4+ 6. Bd2 a5 7. O-O O-O 8. Bf4
Be7 9. Nc3 d5 10. Ne5 Qc8 11. cxd5 exd5 12. Rc1 Na6 13. h4 Rd8 14. Kh2 Nh5 15.
Bh3 f5 16. e4 Nxf4 17. Bxf5 Ne6 18. Qh5 1-0

[Event "45th World Open"]
[Site "Philadelphia"]
[Date "2017.07.01"]
[Round "2.13"]
[White "Mandizha, Farai"]
[Black "Stukopin, Andrey"]
[Result "1-0"]
[WhiteElo "2342"]
[BlackElo "2577"]
[PlyCount "59"]
[EventDate "2017.07.??"]
[EventType "swiss"]
[EventRounds "9"]
[EventCountry "USA"]

1. d4 Nf6 2. c4 e6 3. Nf3 d5 4. g3 Bb4+ 5. Bd2 Be7 6. Bg2 c6 7. Qc2 Nbd7 8. O-O
O-O 9. Rd1 a5 10. a4 b6 11. Bf4 Ba6 12. Ne5 Rc8 13. Nc3 Nh5 14. cxd5 cxd5 15.
Be3 Nhf6 16. Rac1 Bb4 17. Bg5 h6 18. Nxd7 hxg5 19. Nxf8 Qxf8 20. e3 g6 21. Qb1
Rd8 22. Nb5 Ne4 23. Bxe4 dxe4 24. Qxe4 Rd7 25. Qe5 Bb7 26. Qxg5 Bf3 27. Qf4 Qa8
28. Rf1 Be2 29. e4 e5 30. Qxe5 1-0

[Event "45th World Open"]
[Site "Philadelphia"]
[Date "2017.07.01"]
[Round "2.14"]
[White "Li, Ruifeng"]
[Black "Schmakel, Sam"]
[Result "1-0"]
[WhiteElo "2571"]
[BlackElo "2344"]
[PlyCount "77"]
[EventDate "2017.07.??"]
[EventType "swiss"]
[EventRounds "9"]
[EventCountry "USA"]

1. e4 e5 2. Nf3 Nc6 3. Bb5 Nf6 4. Qe2 a6 5. Ba4 b5 6. Bb3 Bc5 7. c3 O-O 8. O-O
Re8 9. d3 h6 10. Nbd2 Bb6 11. a4 Bb7 12. Bc2 d5 13. Nb3 Qd7 14. Be3 d4 15. Bd2
dxc3 16. bxc3 Na5 17. Nxa5 Bxa5 18. Nh4 Red8 19. Rfd1 Qg4 20. Qxg4 Nxg4 21. Nf3
Bb6 22. Be1 Re8 23. h3 Nf6 24. Rdb1 Nd7 25. c4 Nc5 26. axb5 axb5 27. Rxa8 Rxa8
28. Rxb5 Rd8 29. Nxe5 f6 30. Bb4 Na6 31. c5 Nxb4 32. cxb6 c5 33. Bb3+ Kh7 34.
Nf7 Rxd3 35. Bc4 Rd1+ 36. Kh2 Rc1 37. Nd6 Ba6 38. b7 Bxb5 39. Bxb5 1-0

[Event "45th World Open"]
[Site "Philadelphia"]
[Date "2017.07.01"]
[Round "2.15"]
[White "Morrison, William"]
[Black "Belous, Vladimir"]
[Result "1/2-1/2"]
[WhiteElo "2320"]
[BlackElo "2567"]
[PlyCount "67"]
[EventDate "2017.07.??"]
[EventType "swiss"]
[EventRounds "9"]
[EventCountry "USA"]

1. e4 c5 2. Nf3 Nc6 3. Nc3 g6 4. d4 cxd4 5. Nxd4 Bg7 6. Nb3 Nf6 7. Be2 O-O 8.
O-O b6 9. f4 Bb7 10. Bf3 d6 11. Be3 Rc8 12. Qd2 Nd7 13. Rad1 Nc5 14. Kh1 Nb4
15. Nd4 d5 16. e5 a5 17. a3 Nba6 18. Ndb5 e6 19. Nd6 Rb8 20. Bd4 Nc7 21. Qe3
Ba6 22. Rfe1 Ne8 23. Ncb5 Qd7 24. Nxe8 Rfxe8 25. Nd6 Red8 26. c4 Nb7 27. cxd5
Nxd6 28. exd6 Bxd4 29. Rxd4 Qxd6 30. Red1 Re8 31. dxe6 Qxe6 32. Re4 Qc6 33. Re5
Qa4 34. Re1 1/2-1/2

[Event "45th World Open"]
[Site "Philadelphia"]
[Date "2017.07.01"]
[Round "2.16"]
[White "Becerra, Julio"]
[Black "Grabinsky, Aaron"]
[Result "1/2-1/2"]
[WhiteElo "2556"]
[BlackElo "2338"]
[PlyCount "99"]
[EventDate "2017.07.??"]
[EventType "swiss"]
[EventRounds "9"]
[EventCountry "USA"]

1. e4 c6 2. d4 d5 3. e5 Bf5 4. h4 h5 5. Bd3 Bxd3 6. Qxd3 e6 7. Nf3 Qa5+ 8. Nbd2
Qa6 9. c4 Nh6 10. b3 Nf5 11. Bb2 Be7 12. g3 c5 13. dxc5 Nc6 14. a3 dxc4 15.
Qxc4 Qxc4 16. Nxc4 Bxc5 17. b4 Be7 18. Ke2 a6 19. Rhd1 Rd8 20. Rxd8+ Kxd8 21.
Rc1 Kd7 22. Rd1+ Kc7 23. Bc1 Rd8 24. Rxd8 Kxd8 25. Kd3 Kd7 26. Nb6+ Kc7 27. Na4
Nb8 28. Nc3 Nd7 29. Ne2 g6 30. Nc3 Nb6 31. Bg5 Nd7 32. Bd2 Nb6 33. Ne4 Nd7 34.
Bf4 Kd8 35. Nfd2 Kc7 36. Nf3 Kd8 37. Nfd2 Kc7 38. Nc4 b5 39. Na5 Nb6 40. Bc1
Nd7 41. Bf4 Nb6 42. Bd2 Nd7 43. Bc3 Nh6 44. Nb3 Ng4 45. f4 Nh6 46. Bd4 Nf5 47.
Bf2 Kc6 48. Na5+ Kc7 49. Nb3 Kc6 50. Na5+ 1/2-1/2

[Event "45th World Open"]
[Site "Philadelphia"]
[Date "2017.07.01"]
[Round "2.18"]
[White "Moradiabadi, Elshan"]
[Black "Aaron, Deepak"]
[Result "1-0"]
[WhiteElo "2550"]
[BlackElo "2321"]
[PlyCount "45"]
[EventDate "2017.07.??"]
[EventType "swiss"]
[EventRounds "9"]
[EventCountry "USA"]

1. e4 e6 2. d4 d5 3. Nc3 Bb4 4. Nge2 Nc6 5. a3 Ba5 6. exd5 exd5 7. g3 Bg4 8.
Bg2 Bxc3+ 9. bxc3 Qd7 10. h3 Bf5 11. c4 Be4 12. f3 Bf5 13. g4 Be6 14. Rb1 O-O-O
15. c5 f5 16. Qd3 fxg4 17. Qb5 b6 18. Qa6+ Kb8 19. cxb6 cxb6 20. Rxb6+ Ka8 21.
Rxc6 gxh3 22. Bf1 Re8 23. Bf4 1-0